• 首页
  • 本馆介绍
  • 公告通知
  • 最新文献
  • 馆藏检索
  • 电子资源
  • 读者导购
  • 参考咨询
  • 我的图书馆
  • 登录
  • 详细信息显示
  • 放入我的书架
  • 预约/预借图书
  • 作者相关作品
  • 分类相关作品
  • 丛书相关作品
  • 出版社相关作品

书目信息

  • 表格格式
  • 工作单格式
  • 卡片格式
题名:
新时期爱国主义教育
    
 
作者: 赵凤平 主编
分册:  
出版信息: 成都   西南交通大学出版社  1994.8
页数: 328页
开本: 19cm
丛书名:
单 册:
中图分类: D647
科图分类: 31.24
主题词: 爱国主义教育--青年读物
电子资源:
ISBN: 7-81022-695-9
000 00793nam0 2200241 45
001 0195002843
005 20070707162954.76
010    @a7-81022-695-9@dCNY5.90
100    @a19931218d1994 em y0chiy0121 ea
101 0  @achi
102    @aCN@b510000
105    @ay z 000yy
200 10 @a新时期爱国主义教育@AXIN SHI QI AI GUO ZHU YI JIAO YU@f赵凤平等主编@FZHAO FENG PING DENG ZHU BIAN
210    @a成都@c西南交通大学出版社@d1994.8
215    @a328页@d19cm
300    @a版权页主编题:周伯政等
330    @a本书包括:新时期爱国主义教育概述、中国共产党是社会主义事业的领导核心、“一国两制”与祖国统一等16章。
606    @a爱国主义教育@x青年读物
690    @aD647@v三版
692    @a31.24
701  0 @a赵凤平@AZHAO FENG PING@4主编
801  0 @aCN@bTSSF@c20070707
905    @a10447@dD647@e120
    
    新时期爱国主义教育/赵凤平等主编.-成都:西南交通大学出版社,1994.8
    328页;19cm
    版权页主编题:周伯政等
    
    ISBN 7-81022-695-9:CNY5.90
    本书包括:新时期爱国主义教育概述、中国共产党是社会主义事业的领导核心、“一国两制”与祖国统一等16章。
●
相关链接 在E读中查询图书 在五车中查询图书 在当当中查询图书 在豆瓣中查询图书


正题名:新时期爱国主义教育     索取号:D647/120         预约/预借

序号 登录号 条形码 馆藏地/架位号 状态 备注
1 0766118   207661181   密集书库/ [索取号:D647/120] 在馆    
2 0766717   207667176   第一样本阅览室/ [索取号:D647/120] 在馆    
唐山师范学院图书馆 欢迎您!
大连网信软件有限公司© 版权所有